000 00841nam a2200205 a 4500
001 000037270
005 20200930080244.0
008 120321s1983 sp 000 0 spa d
020 _a8400053699
040 _aDO-SdBNP
_bspa
_cBNPHU
082 _axxxx
_bT253m
245 0 3 _aEl teatro menor en España a partir del siglo xvi :
_bactas del coloquio celebrado en Madrid, 20-22 de mayo de 1982 /.
260 _aMadrid :
_bConsejo Superior de Investigaciones Científicas,
_c1983.
300 _a350 p. ;
_c22 cm.
490 1 _aAnejos de la revista "Segismundo"
_v5
500 _aActas del Coloquio celebrado en Madrid 20-22 de mayo de 1982
504 _aBibliografía : p. 51-62.
710 2 _aInstituto "Miguel de Cervantes". Teatro Español.
_bEquipo de Investigación sobre el
_963694
830 0 _aAnejos de la revista "Segismundo"
_n5
_963695
999 _c36760
_d36760